History Quiz

Random History or Decade Quiz
Score 0/13 Timer 06:00
0 Plays Today
% Correct
2000s
79.6%
1990s
75.1%
1980s
58.8%
1960s
52.8%
1970s
45.8%
1950s
45%
1900s
35.2%
1880s
32.5%
1890s
31.8%
1920s
25.2%
1940s
21.4%
1910s
20.3%
1930s
18.3%
Remove Ads.
Support Sporcle.
Get the best of Sporcle when you Go Orange. This ad-free experience offers more features, more stats, and more fun while also helping to support Sporcle. Thank you for becoming a member.

You're not logged in!

Compare scores with friends on all Sporcle quizzes.
OR
Log In

Show Comments

Extras

Top Quizzes Today


Score Distribution

Your Account Isn't Verified!

In order to create a playlist on Sporcle, you need to verify the email address you used during registration. Go to your Sporcle Settings to finish the process.

Report this User

Report this user for behavior that violates our Community Guidelines.

Details: